| 000 | 00619nam a22001937a 4500 | ||
|---|---|---|---|
| 005 | 20130516154852.0 | ||
| 010 | _aENG-107025 | ||
| 020 |
_a9788184050738 _c950.00 |
||
| 035 | _aEN-90558 | ||
| 037 | _bDBAD/PUB | ||
| 082 | _a333.7 | ||
| 100 | _aHahnel, Robin | ||
| 245 |
_aGreen economics : _cby Robin Hahnel _bconfronting the ecological crisis / |
||
| 260 |
_aNew Delhi _bReference Press _c2011 |
||
| 270 |
_a4831/24, Ansari Road, Daryaganj _bNew Delhi _e110002 |
||
| 300 |
_axvii, 259p.: _bill. _c22cm(Hb) |
||
| 500 | _aIncludes bibliographical references and index | ||
| 942 |
_2ddc _cEN _h333.7 _mHAH |
||
| 999 |
_c75348 _d75348 |
||